I speak of freedom : a statement of African ideology

Αποθηκεύτηκε σε:
Λεπτομέρειες βιβλιογραφικής εγγραφής
Κύριος συγγραφέας: Nkrumah, Kwame, 1909-1972
Μορφή: Βιβλίο
Γλώσσα:English
Δημοσίευση: New York : Praeger, [1961]
Σειρά:(Books that matter)
Θέματα:
Ετικέτες: Προσθήκη ετικέτας
Δεν υπάρχουν, Καταχωρήστε ετικέτα πρώτοι!

MARC

LEADER 00000cam a2200000 a 4500
001 1/113387
008 170315s1961####nyu| ||| |||| ||eng||
040 |a GR-MyUa  |b gre  |c GR-MyUa  |e AACR2 
041 0 |a eng 
082 7 |a 966.7   |2 (23) 
100 1 |a Nkrumah, Kwame,   |d 1909-1972. 
245 1 0 |a I speak of freedom :   |b a statement of African ideology /   |c Kwame Nkrumah.  
260 |a New York :   |b Praeger,   |c [1961]  
300 |a 291 σ. ;   |c 21 εκ.  
490 0 |a (Books that matter) 
651 0 |a Ghana  |x History. 
651 0 |a Ghana  |x Politics and government. 
651 0 |a Africa  |x Politics and government. 
852 |a INST  |b LESVOS  |e 20170315  |h 966.7 NKR  |p 005100058909  |q 005100058909  |t BK  |y 0